00772nam a22002177a 4500003000500000005001700005008004100022010000900063011000900072035000900081040000900090100003300099245013400132260004000266300002900306502008100335650005300416650003700469650002300506650002500529CHAP20220329133557.0971013s1993 r 00010 d a8103 a9075 a8309 cCHAP00aDelgado Rodríguez, Manuel. aEvaluación del paquete tecnológico para maíz de alta productividad en el Distrito de Desarrollo Rural 06, Cuauhtemoc, Chih. aChapingo, Méx. :bEl autor,c1993 a47 h.b: ilus. ; gráfs aTesis (Ing. Agr. Esp. en Zonas Aridas) -- UACH. Departamento de Zonas Aridas14aDistrito de Desarrollo Rural Cuauhtémoc, Chih.14aFertilizantesxEfecto en maíz.14aMaízxChihuahua.14aMaízxRendimiento.